Most Picked Options on JetPunk Polls - Statistics

General Stats
  • This quiz has been taken 28 times
  • The average score is 12 of 30
Answer Stats
Question Answer % Correct
Which of these juices have you tried? Apple
100%
Have you ever...? Gained 100 points or more in one day
100%
Which of these things have you done in your dreams? Got injured or died
100%
Which video games do you play? Minecraft
100%
Do you have social anxiety? No, I'm just shy
100%
What is the hardest science at high school level? Physics
100%
How many islands larger than 1 km2 have you been to? Includes the island you live on if applicable 20 or more
50%
What English level are you in JetPunk? 61-70
50%
Do you have one of these common fears? Arachnophobia (spiders)
50%
What's your favorite color? Blue
50%
If you had to be 1 animal for the rest of your life besides a human, which would you choose? Cat
50%
Which continent do you live on? Europe
50%
What's your favorite month of the year? June
50%
What is your political leaning on politicalcompass.org? Left and libertarian
50%
Which is the hardest part when you are learning a new language? Listening
50%
Do you approve of your country's current head of state? Strongly disapprove
50%
If you have a computer, which OS do you use? Windows 10
50%
Do you drive? Yes
50%
How many languages do you speak? 2
0%
At your own estimation, on a scale of 1-10, with 10 being the best, how good are you at drawing? 2
0%
How many airports have you been to? 6-10
0%
When was the last time you threw up? A year or more ago
0%
Which of the following largest metro systems have you ever been on? London Underground
0%
How would you describe your handwriting? Neat, but only when I want it to be
0%
You have the following choices for holiday. Which do you choose? Nuuk, Greenland
0%
Which of the following American cities would you prefer to live in the metro area of? Seattle
0%
Would you rather have your eggs soft or hard boiled? Soft
0%
Which is the best Romance language? Spanish
0%
Which of the following game consoles have you owned at some point? Wii
0%
How would you address a group of people you're speaking to in English? You guys
0%
No matching quizzes found
Score Distribution
Percent of People with Each Score
Percentile by Number Answered
Your Score History
You have not taken this quiz